| 000 | 00664nam a22001457a 4500 | ||
|---|---|---|---|
| 020 | _a978-1-4711-4395-3 | ||
| 082 |
_a823 _bRUS/D |
||
| 100 | _aRUSSEL, RACHEL RENEE | ||
| 245 |
_aDORK DIARIES _bTV STAR |
||
| 260 |
_aUNITED KINGDOM _bSIMON AND SCHUSTER _c2016 |
||
| 300 | _a319 | ||
| 520 | _aNikki and her friends were spotted at their school talent show, and now a reality TV crew is following her as she heads for pop stardom. SQUEEE! But having cameras wherever she goes isn't always fun, especially when it's making things awkward with Brandon and MacKenzie keeps trying to steal the limelight... | ||
| 650 |
_aCHILDREN'S STORY BOOK _zUNITED KINGDOM |
||
| 942 | _cBK | ||
| 999 |
_c6007 _d6007 |
||